000 00344nam a2200145Ia 4500
005 20250508022843.0
008 240331s9999 xx 000 0 und d
082 _bRAM
_a894
100 _aRamanan, A
245 0 _aThodach chollum thodu vaanam
260 _aChennai
_bVettri Achagam
_c1986
300 _a208 p .,
650 _aNovel
942 _cL
999 _c4296
_d4296